000 00612nam a2200169Ia 4500
005 20250424120241.0
008 250424s9999 xx 000 0 und d
022 _a07949510
050 _aJQ 3089.5 .C6 N535 b/
245 0 _aIcpc news
260 _aGarki, Abuja
260 _bIndependent Corrupt Practices and other Related offences Commission (ICPC)
260 _c2014
300 _a19 p. , : ill. ; 31 cm.
650 _aNigeria. Independent Corrupt Practices and Other Related Offences Commission--Periodicals. Corruption--Nigeria--Periodicals. Political corruption--Nigeria--Periodicals.
942 _cSR
999 _c38242
_d38242